| 000 | 00816nas a2200265 4500 | ||
|---|---|---|---|
| 001 | BR9206612 | ||
| 003 | BR-BrBNA | ||
| 005 | 20231205092938.0 | ||
| 007 | ta | ||
| 008 | 230509b bl.|||p| |||| 00| 00por d | ||
| 040 |
_aBR-BrBNA _bpor _cBiblioteca Nacional de Agricultura |
||
| 041 | _a(Pt) | ||
| 072 | _aF30 | ||
| 100 | 1 | _aKurozawa, C. | |
| 100 | 1 | _aBalmer, E. | |
| 245 | 1 | _aComportamento de cultivares nacionais, importados e de introducoes de especies selvagens de tomateiro a Septoria lycopersici Speg | |
| 650 | _aTOMATE | ||
| 650 | _aVARIEDADE RESISTENTE | ||
| 650 | _aMUDA | ||
| 650 | _aESTUFA | ||
| 650 | _aMELHORAMENTO GENETICO VEGETAL | ||
| 773 | 0 |
_tRevista de Olericultura (Brazil) _x _g(1975), (no. 15) p. 254 _wBR9206612 |
|
| 909 |
_a202311 _bLúcia _c55 _dLúcia Elande |
||
| 942 |
_2AGRIS _n0 _cANA |
||
| 999 |
_c135295 _d135295 |
||